000 00463nam a2200169 i 4500
001 20348
003 ES-MaACL
005 20230906152300.0
007 t|
008 021111s1960 sp |||| | spa d
100 1 _aAguilar Merlo, Miguel de.
_918734
245 1 0 _aSemilla eterna /
_cMiguel de Aguilar Merlo.
260 _aMadrid :
_bAgem,
_c[1960]
300 _a208 p. ;
_c14 cm.
650 4 _aLiteratura espaƱola-
_yS.XX.
_9148763
852 _aES-MaACL
_jC-18849
999 _c20348
_d20348